| 000 | 01367cam a2200373 i 4500 | ||
|---|---|---|---|
| 001 | 2495 | ||
| 005 | 20260304083004.0 | ||
| 020 | _a9780590411011 | ||
| 040 |
_aYDX _beng _cYDX _erda _dFOLLT _dOCLCF _dDLC |
||
| 050 | 0 | 0 | _aPZ7.P85 |
| 082 | 0 | 4 | _a823.912 |
| 100 | 1 |
_aPotter, Beatrix _d1866-1943 _eMcPhail David _eillustrator |
|
| 245 | 1 | 4 |
_aThe tale of Peter Rabbit / _cby Beatrix Potter |
| 246 | 3 | 0 | _aPeter Rabbit |
| 260 |
_aNew York : _bScholastic, _c1986 |
||
| 300 |
_a31 pages : _bcolor illustrations ; _c21 cm |
||
| 500 | _a"First published with reset text and nw reproductions ofBearrjx potrert illustrations in 2002"--Title page verso. | ||
| 505 | _aQ | ||
| 520 | _aPeter disobeys his mother by going into Mr. McGregor's garden and almost gets caught. | ||
| 521 |
_a660 AD
_bLexile |
||
| 521 |
_aQ
_bRaz-Plus |
||
| 650 | 0 |
_aRabbits _vJuvenile fiction. |
|
| 650 | 0 |
_aAnimals _vJuvenile fiction. |
|
| 650 | 1 |
_aRabbits _vFiction. |
|
| 650 | 1 |
_aAnimals _vFiction. |
|
| 650 | 7 |
_aAnimals. _2fast _0(OCoLC)fst00809468 |
|
| 650 | 7 |
_aRabbits. _2fast _0(OCoLC)fst01086347 |
|
| 655 | 7 |
_aAnimal fiction. _2fast _0(OCoLC)fst01982492 |
|
| 655 | 7 |
_aFiction. _2fast _0(OCoLC)fst01423787 |
|
| 655 | 7 |
_aJuvenile works. _2fast _0(OCoLC)fst01411637 |
|
| 655 | 7 |
_aAnimal fiction. _2lcgft |
|
| 906 |
_a7 _bcbc _ccopycat _d2 _encip _f20 _gy-gencatlg |
||
| 942 |
_2ddc _cBK _n0 |
||
| 999 |
_c2495 _d2495 |
||